000 00846nam a22002657a 4500
003 DO-SdBNP
005 20221101113702.0
007 ta
008 221101b2019 dr a|||| |||| 00| 0 spa d
020 _a9789945580730
040 _aDO-SdBNP
_bspa
_cBNPHU
082 4 _222
100 1 _aGómez López, Nelson
_980564
245 1 0 _aPropéutico de matemática para ingenieros /
_cNelson Gómez López ; editor Lennys Tejada Betancourt
260 _aSanto Domingo :
_bUAPA,
_c2019.
300 _a382 p. :
_bil. ;
_c27 cm.
490 1 _aAutoaprendizaje
_v4
500 _aIncluye datos biográficos del autor en la contracubierta
504 _aBibliografía : p. 378-382
590 _aInventariado, 2022/BT
700 1 _aTejada Betancourt, Lennys,
_eed.
_979591
830 0 _aAutoaprendizaje
_91208
_n4
910 _aBtavárez
942 _2ddc
_cLBS1
999 _c52702
_d52702